Analýza vybraných ekonomických a manažérskych aspektov malého a stredného podnikania vo vidieckom turizme a v agroturistike

Analýza skúmaných malých a stredných agropodnikateľských subjektov z hľadiska ich vzniku, štruktúry výroby a vývoja počtu zamestnancov v odvetviach prvovýroby. Sledovanie vývoja ekonomiky týchto podnikov prostredníctvom ich výsledkov hospodárenia a cien služieb. Článok vznikol spracovaním primárnych...

Descrizione completa

Salvato in:
Dettagli Bibliografici
Autore principale: Mura, Ladislav
Altri autori: Kozelová, Dagmar
Natura: Capitolo di libro
Lingua:slovacco
Soggetti:
Tags: Aggiungi Tag
Nessun Tag, puoi essere il primo ad aggiungerne!!

MARC

LEADER 00000naa a2200000 4500
001 0167257
005 20231012083608.6
041 0 |a slo 
044 |a SK 
245 1 0 |a Analýza vybraných ekonomických a manažérskych aspektov malého a stredného podnikania vo vidieckom turizme a v agroturistike  |c Ladislav Mura, Dagmar Kozelová 
520 |a Analýza skúmaných malých a stredných agropodnikateľských subjektov z hľadiska ich vzniku, štruktúry výroby a vývoja počtu zamestnancov v odvetviach prvovýroby. Sledovanie vývoja ekonomiky týchto podnikov prostredníctvom ich výsledkov hospodárenia a cien služieb. Článok vznikol spracovaním primárnych a sekundárnych zdrojov. 
610 2 0 |a agropodnikanie 
610 2 0 |a agroturistika 
610 2 0 |a podnikanie malé 
610 2 0 |a podnikanie stredné 
610 2 0 |a ceny služieb 
610 2 0 |a rozvoj regionálny 
100 1 |a Mura, Ladislav 
700 1 |a Kozelová, Dagmar